000 00497nmm a2200169Ia 4500
008 251105s9999||||xx |||||||||||||||||und||
020 _a9788460597407
041 _aspa
100 _aAzcona, Rafael
245 0 _aLa lengua de las mariposas :
_b guión cinematográfico de Rafael Azcona
264 _a[Madrid, España] :
_bOcho y Medio,
_c1999
300 _a118 páginas
490 _aEspiral
650 _aFilm studies
856 _uhttps://public.digitaliapublishing.com/a/365
942 _cCF
999 _c83302
_d83302